Многолетняя подготовка пловца и ее индивидуализация: (биологические аспекты)

Bibliografiske detaljer
Hovedforfatter: Тимакова Т. С. Татьяна Серафимовна
Summary:Исключено из фонда НТБ ТПУ
Sprog:russisk
Udgivet: Москва, Физкультура и спорт, 1985
Fag:
Format: MixedMaterials Bog
KOHA link:https://koha.lib.tpu.ru/cgi-bin/koha/opac-detail.pl?biblionumber=131524

MARC

LEADER 00000nam0a2200000 4500
001 131524
005 20250529111017.0
035 |a (RuTPU)RU\TPU\book\142450 
090 |a 131524 
100 |a 20080219d1985 m y0rusy5003 ca 
101 0 |a rus 
102 |a RU 
105 |a a z 000zy 
200 1 |a Многолетняя подготовка пловца и ее индивидуализация  |e (биологические аспекты)  |f Т. С. Тимакова 
210 |a Москва  |c Физкультура и спорт  |d 1985 
215 |a 144 с.  |c ил. 
333 |a Исключено из фонда НТБ ТПУ 
610 1 |a спорт 
610 1 |a плавание 
610 1 |a пловцы 
610 1 |a подготовка спортсменов 
610 1 |a индивидуализация 
610 1 |a биология 
610 1 |a возрастные особенности 
610 1 |a мастерство 
675 |a 796 
700 1 |a Тимакова  |b Т. С.  |g Татьяна Серафимовна 
801 0 |a RU  |b RuMRKP  |c 19950704  |g psbo 
801 1 |a RU  |b 63413507  |c 20080219  |g PSBO 
801 2 |a RU  |b 63413507  |c 20080219  |g PSBO 
850 |a 63413507 
942 |c BK